Архитектурное проектирование жилых зданий, адаптированных к специфическим потребностям маломобильной группы населения учебное пособие для вузов
В учебном пособии рассматриваются основные принципы формирования жилой среды, раскрывается значение учета потребностей людей старшей возрастной группы при проектировании жилища, устанавливаются основные требования к архитектурному проектированию комплексных центров социального обслуживания маломобил...
Збережено в:
| Автор: | |
|---|---|
| Формат: | Книга |
| Мова: | Russian |
| Опубліковано: |
Санкт-Петербург
Лань
2024
|
| Редагування: | 2-е изд., стер. |
| Онлайн доступ: | https://e.lanbook.com/book/388709 https://e.lanbook.com/img/cover/book/388709.jpg |
| Теги: |
Додати тег
Немає тегів, Будьте першим, хто поставить тег для цього запису!
|
| LEADER | 02006nam0a2200277 i 4500 | ||
|---|---|---|---|
| 001 | 388709 | ||
| 003 | RuSpLAN | ||
| 005 | 20240216150952.0 | ||
| 008 | 240216s2024 ru gs 000 0 rus | ||
| 020 | |a 978-5-507-49410-1 | ||
| 040 | |a RuSpLAN | ||
| 041 | 0 | |a rus | |
| 044 | |a ru | ||
| 080 | |a [728.1.012+721.012+725.1](075.8) | ||
| 084 | |a Н711.32-022я73 |2 rubbk | ||
| 245 | 0 | 0 | |a Архитектурное проектирование жилых зданий, адаптированных к специфическим потребностям маломобильной группы населения |b учебное пособие для вузов |c Крундышев Б. Л. |
| 250 | |a 2-е изд., стер. | ||
| 260 | |a Санкт-Петербург |b Лань |c 2024 | ||
| 300 | |a 204 с. | ||
| 504 | |a Библиогр.: доступна в карточке книги, на сайте ЭБС Лань | ||
| 520 | 8 | |a В учебном пособии рассматриваются основные принципы формирования жилой среды, раскрывается значение учета потребностей людей старшей возрастной группы при проектировании жилища, устанавливаются основные требования к архитектурному проектированию комплексных центров социального обслуживания маломобильной группы населения. Учебное пособие предназначено для студентов направления подготовки «Архитектура». | |
| 521 | 8 | |a Книга из коллекции Лань - Инженерно-технические науки | |
| 100 | 1 | |a Крундышев Б. Л. | |
| 856 | 4 | |u https://e.lanbook.com/book/388709 | |
| 856 | 4 | 8 | |u https://e.lanbook.com/img/cover/book/388709.jpg |
| 953 | |a https://e.lanbook.com/img/cover/book/388709.jpg | ||